[Event "Sachsen-Anhalt Landesliga-B 1920"]
[Site "Sachsen Anhalt"]
[Date "2019.12.08"]
[Round "4.2"]
[White "Hesse, Stefan"]
[Black "Mirschinka, Oliver"]
[Result "1-0"]
[WhiteElo "1755"]
[BlackElo "1722"]
[PlyCount "41"]
[EventDate "2019.09.29"]
[EventType "team-tourn"]
[EventRounds "9"]
[EventCountry "GER"]
[SourceTitle "EXT 2023"]
[Source "ChessBase"]
[SourceDate "2022.10.05"]
[SourceVersion "1"]
[SourceVersionDate "2022.10.05"]
[SourceQuality "1"]
[WhiteTeam "Coethen Germania II"]
[BlackTeam "Dessau II"]
[WhiteTeamCountry "GER"]
[BlackTeamCountry "GER"]

1. e4 d5 2. exd5 Qxd5 3. Nc3 Qa5 4. d4 Nf6 5. Nf3 c6 6. Bd2 Qc7 7. h3 Bf5 8. Bc4 e6 9. Nh4 Be4 10. Nxe4 Nxe4 11. Nf3 Nxd2 12. Qxd2 Nd7 13. 0-0 Nb6 14. Bb3 Nd5 15. Bxd5 cxd5 16. c3 Be7 17. Rfe1 0-0 18. Qd3 Bf6 19. g4 Qf4 20. Qe3 Bg5 21. Nxg5 1-0

[Event "Sachsen-Anhalt Landesliga-B 1920"]
[Site "Sachsen Anhalt"]
[Date "2019.09.29"]
[Round "1.3"]
[White "Hesse, Stefan"]
[Black "Baum, Bernhard"]
[Result "1/2-1/2"]
[WhiteElo "1755"]
[BlackElo "1879"]
[PlyCount "97"]
[EventDate "2019.09.29"]
[EventType "team-tourn"]
[EventRounds "9"]
[EventCountry "GER"]
[SourceTitle "EXT 2023"]
[Source "ChessBase"]
[SourceDate "2022.10.05"]
[SourceVersion "1"]
[SourceVersionDate "2022.10.05"]
[SourceQuality "1"]
[WhiteTeam "Coethen Germania II"]
[BlackTeam "Bad Schmiedeberg"]
[WhiteTeamCountry "GER"]
[BlackTeamCountry "GER"]

1. e4 c5 2. Nf3 Nc6 3. Bc4 g6 4. Nc3 Bg7 5. d3 a6 6. a4 d6 7. Ng5 e6 8. 0-0 h6 9. Nf3 Nf6 10. Re1 0-0 11. e5 Nxe5 12. Nxe5 dxe5 13. Rxe5 Nd5 14. Qe1 Qf6 15. Re2 Nxc3 16. Qxc3 Qxc3 17. bxc3 Bxc3 18. Rb1 Bg7 19. Be3 Bd7 20. Bxc5 Rfc8 21. Bd6 b5 22. axb5 axb5 23. Bb3 Ra6 24. Be5 Bc6 25. Bxg7 Kxg7 26. f3 Kf6 27. Kf2 Ke7 28. Ree1 Rca8 29. Ke3 Kd6 30. Kd4 Re8 31. Ra1 Rea8 32. Rab1 g5 33. Re5 Ra1 34. Ree1 e5+ 35. Kc3 Rxb1 36. Rxb1 f6 37. Kb4 h5 38. Rf1 Rf8 39. Ra1 g4 40. Ra6 gxf3 41. gxf3 f5 42. c4 bxc4 43. Kxc4 Ra8 44. Rxa8 Bxa8 45. Bd1 Bd5+ 46. Kc3 h4 47. d4 Ba2 48. Bc2 Be6 49. Kd3 1/2-1/2

[Event "Sachsen-Anhalt Landesliga B 18/19"]
[Site "Sachsen Anhalt"]
[Date "2018.11.11"]
[Round "3.5"]
[White "Hesse, Stefan"]
[Black "Greim, Marcel"]
[Result "0-1"]
[WhiteElo "1694"]
[BlackElo "1844"]
[PlyCount "40"]
[EventDate "2018.09.23"]
[EventType "team-tourn"]
[EventRounds "9"]
[EventCountry "GER"]
[SourceTitle "EXT 2022"]
[Source "ChessBase"]
[SourceDate "2021.10.06"]
[SourceVersion "1"]
[SourceVersionDate "2021.10.06"]
[SourceQuality "1"]
[WhiteTeam "Coethen Germania II"]
[BlackTeam "Zeitz Motor"]
[WhiteTeamCountry "GER"]
[BlackTeamCountry "GER"]

1. e4 c6 2. d4 d5 3. exd5 cxd5 4. Nf3 Nf6 5. Be2 Bg4 6. h3 Bf5 7. Nc3 e6 8. a3 Nc6 9. 0-0 Rc8 10. Bd3 Bxd3 11. Qxd3 Be7 12. Bf4 Bd6 13. Bxd6 Qxd6 14. Ne2 0-0 15. Ng3 Qc7 16. c3 Na5 17. Ne5 Nc4 18. f4 Nxb2 19. Qb5 Qxc3 20. Ne2 Qe3+ 0-1

[Event "Sachsen-Anhalt Landesliga B 18/19"]
[Site "Sachsen Anhalt"]
[Date "2018.10.21"]
[Round "2.5"]
[White "Hesse, Stefan"]
[Black "Pankrath, Benno"]
[Result "1/2-1/2"]
[WhiteElo "1694"]
[BlackElo "1964"]
[PlyCount "37"]
[EventDate "2018.09.23"]
[EventType "team-tourn"]
[EventRounds "9"]
[EventCountry "GER"]
[SourceTitle "EXT 2022"]
[Source "ChessBase"]
[SourceDate "2021.10.06"]
[SourceVersion "1"]
[SourceVersionDate "2021.10.06"]
[SourceQuality "1"]
[WhiteTeam "Coethen Germania II"]
[BlackTeam "Piesteritz Gruen-Weiss"]
[WhiteTeamCountry "GER"]
[BlackTeamCountry "GER"]

1. e4 g6 2. d4 Bg7 3. c3 d6 4. Nf3 Nd7 5. Be3 Ngf6 6. Nbd2 0-0 7. Be2 h6 8. h3 c5 9. g4 cxd4 10. cxd4 Qa5 11. Kf1 b5 12. Qb3 a6 13. e5 Nh7 14. e6 Ndf6 15. exf7+ Rxf7 16. Nh4 Bb7 17. Bf3 Bxf3 18. Nhxf3 Qa4 19. Qxa4 1/2-1/2